Music Quiz

Random Music Quiz

The lyrics to Slipping on the Ice Quiz Stats

 Plays Quiz not verified by Sporcle

Score 0/42 Timer 01:00
0 Plays Today
% Correct
slippin'
100%
on
100%
the
100%
ice.
100%
slippin'
100%
on
100%
the
100%
ice.
100%
a
100%
a
100%
slippin'
100%
and
100%
on
100%
the
100%
ice!
100%
and
100%
We're
80%
For
80%
your
80%
We're
80%
Just
60%
% Correct
fabulous
60%
pratfall,
60%
Just
60%
follow
60%
this
60%
advice!
60%
Let
60%
feet
60%
take
60%
flip!
60%
I've
60%
broken
60%
my
60%
hip.
60%
slidin'
60%
I've
60%
I
60%
fallen
40%
can't
40%
get
40%
up!
40%

You're not logged in!

Compare scores with friends on all Sporcle quizzes.
OR
Log In

Sporcle TV

Today on Sporcle TV


Watch our educational content, quiz creation guides, and fun videos on Sporcle TV.

Show Comments

Extras

Created Nov 20, 2010ReportNominate
Tags:ice

Top Quizzes Today


Score Distribution

Your Account Isn't Verified!

In order to create a playlist on Sporcle, you need to verify the email address you used during registration. Go to your Sporcle Settings to finish the process.

Report this User

Report this user for behavior that violates our Community Guidelines.

Details: